[Event "Amsterdam Chess Tournament 2005"]
[Site "Amsterdam NED"]
[Date "2005.07.24"]
[Round "9.33"]
[White "Breivik, Lars"]
[Black "Martyn, Rafe"]
[Result "1/2-1/2"]
[WhiteElo "2217"]
[BlackElo "2340"]
[PlyCount "35"]
[EventDate "2005.07.16"]
[EventType "tourn"]
[EventRounds "9"]
[EventCountry "NED"]
[Source "lmi"]
[SourceDate "2005.07.25"]

1. d4 Nf6 2. Nf3 e6 3. e3 c5 4. Bd3 d5 5. b3 Nc6 6. O-O Bd6 7. Bb2 O-O 8. Nbd2
Qe7 9. Ne5 cxd4 10. exd4 Qc7 11. Nxc6 bxc6 12. Nf3 a5 13. Re1 Ba6 14. c4 Bb4
15. Re2 a4 16. Rc1 axb3 17. axb3 Qe7 18. Ne5 1/2-1/2

[Event "Amsterdam Chess Tournament 2005"]
[Site "Amsterdam NED"]
[Date "2005.07.24"]
[Round "9.34"]
[White "Van Oosterom, Chiel"]
[Black "Koster, Ramon"]
[Result "1-0"]
[WhiteElo "2197"]
[BlackElo "2335"]
[PlyCount "81"]
[EventDate "2005.07.16"]
[EventType "tourn"]
[EventRounds "9"]
[EventCountry "NED"]
[Source "lmi"]
[SourceDate "2005.07.25"]

1. e4 c5 2. Nf3 d6 3. d4 cxd4 4. Nxd4 Nf6 5. Nc3 a6 6. Bc4 e6 7. Bb3 Nc6 8. Be3
Be7 9. f4 O-O 10. O-O Nxd4 11. Bxd4 b5 12. e5 dxe5 13. fxe5 Nd7 14. Ne4 Bb7 15.
Nd6 Bxd6 16. exd6 Qg5 17. Qe2 Kh8 18. Rad1 Rae8 19. Rd3 f6 20. Rg3 Qh4 21. c3
e5 22. Rh3 Qe4 23. Be3 Qg6 24. Rg3 Qe4 25. Bc2 Qc4 26. Qh5 Be4 27. Qg4 Bg6 28.
Qxd7 f5 29. Bb3 Qe2 30. Bb6 f4 31. Rxg6 hxg6 32. Qh3+ Qh5 33. Qxh5+ gxh5 34. d7
Rb8 35. Bc7 Ra8 36. Bd5 Ra7 37. d8=Q Rxd8 38. Bxd8 Rd7 39. Bf3 Rxd8 40. Bxh5 g5
41. Rd1 1-0

[Event "Amsterdam Chess Tournament 2005"]
[Site "Amsterdam NED"]
[Date "2005.07.24"]
[Round "9.35"]
[White "De Saegher, Chris"]
[Black "Buckley, Simon T"]
[Result "0-1"]
[WhiteElo "2187"]
[BlackElo "2333"]
[PlyCount "152"]
[EventDate "2005.07.16"]
[EventType "tourn"]
[EventRounds "9"]
[EventCountry "NED"]
[Source "lmi"]
[SourceDate "2005.07.25"]

1. d4 Nf6 2. Nf3 b5 3. g3 Bb7 4. Bg2 e6 5. O-O c5 6. Bg5 cxd4 7. Nxd4 Bxg2 8.
Kxg2 a6 9. a4 b4 10. Nd2 h6 11. Bxf6 Qxf6 12. e3 d5 13. Qf3 Qxf3+ 14. N2xf3 Nd7
15. Rfc1 Nc5 16. Ne5 Bd6 17. Nd3 Kd7 18. Nxc5+ Bxc5 19. Nb3 Bd6 20. c4 bxc3 21.
Rxc3 Rhb8 22. Rac1 Ra7 23. Kf3 Rb4 24. a5 Rab7 25. Nc5+ Bxc5 26. Rxc5 Rxb2 27.
Rc6 Ra7 28. R1c5 Rb5 29. Rxa6 Rxa6 30. Rxb5 Kc6 31. Rb8 h5 32. Rg8 g6 33. Rg7
Ra7 34. h4 Kd6 35. a6 Ke7 36. Rg8 Rxa6 37. g4 hxg4+ 38. Kxg4 Ra4+ 39. Kg3 Kf6
40. Rh8 Ra3 41. Kg4 Ra4+ 42. Kg3 Kf5 43. Rh7 f6 44. Rh8 Ra6 45. Rd8 Rb6 46. Rd7
Rb8 47. Rh7 Rd8 48. Kf3 Rd6 49. Rh8 e5 50. Re8 e4+ 51. Kg3 d4 52. exd4 Rxd4 53.
Re7 Rd3+ 54. Kg2 Rf3 55. Rf7 Rf4 56. Kg3 Rg4+ 57. Kh3 Rg1 58. Kh2 Ra1 59. Kg3
Ra3+ 60. Kg2 Ke5 61. Rg7 Ra2 62. Kg3 f5 63. f4+ Kf6 64. Rb7 Ra3+ 65. Kg2 Rf3
66. h5 gxh5 67. Rb6+ Ke7 68. Ra6 Rxf4 69. Kg3 Rg4+ 70. Kf2 Kf7 71. Rh6 Rg5 72.
Ke3 Kg7 73. Ra6 Rg6 74. Ra3 Kf6 75. Ra1 Rg3+ 76. Kf2 Rf3+ 0-1

[Event "Amsterdam Chess Tournament 2005"]
[Site "Amsterdam NED"]
[Date "2005.07.24"]
[Round "9.36"]
[White "Timman, Anton P"]
[Black "Koehler, Aran"]
[Result "1-0"]
[WhiteElo "2335"]
[BlackElo "2223"]
[PlyCount "75"]
[EventDate "2005.07.16"]
[EventType "tourn"]
[EventRounds "9"]
[EventCountry "NED"]
[Source "lmi"]
[SourceDate "2005.07.25"]

1. c4 e6 2. Nf3 a6 3. Nc3 h6 4. d4 c5 5. d5 exd5 6. cxd5 d6 7. a4 g5 8. Nd2 Nd7
9. Nc4 Nb6 10. Na3 Bg7 11. e4 Ne7 12. a5 Nd7 13. Nc4 Ne5 14. Nb6 Rb8 15. Be2
O-O 16. f4 gxf4 17. Bxf4 N5g6 18. Be3 f5 19. O-O f4 20. Bd2 Bd4+ 21. Kh1 Kh7
22. Nxc8 Nxc8 23. Bg4 Nce7 24. Ra3 Rf6 25. Na4 b5 26. axb6 Be5 27. Rh3 Rb7 28.
Qe2 Rxb6 29. Ba5 f3 30. Rhxf3 Rxb2 31. Bxd8 Rxe2 32. Rxf6 Rxe4 33. Rf7+ Kh8 34.
Be6 Ng8 35. Nb6 c4 36. Bf5 Rh4 37. Bxg6 Rxh2+ 38. Kg1 1-0

[Event "Amsterdam Chess Tournament 2005"]
[Site "Amsterdam NED"]
[Date "2005.07.24"]
[Round "9.37"]
[White "Wong, Zi Jing"]
[Black "Van Eekhout, David"]
[Result "1/2-1/2"]
[WhiteElo "2330"]
[BlackElo "2240"]
[PlyCount "81"]
[EventDate "2005.07.16"]
[EventType "tourn"]
[EventRounds "9"]
[EventCountry "NED"]
[Source "lmi"]
[SourceDate "2005.07.25"]

1. e4 e5 2. Nf3 Nc6 3. Bc4 Nf6 4. d3 Bc5 5. c3 d6 6. b4 Bb6 7. a4 a5 8. b5 Ne7
9. O-O O-O 10. Re1 Ng6 11. Nbd2 h6 12. Nf1 c6 13. Ng3 d5 14. exd5 cxd5 15. Bb3
Re8 16. Ra2 Qc7 17. Be3 Bxe3 18. Rxe3 Qxc3 19. d4 Qc7 20. Rc2 Qd6 21. Nxe5 Nxe5
22. Qe1 Nf3+ 23. gxf3 Be6 24. Qc1 Qf4 25. Ne2 Qg5+ 26. Kh1 Qh4 27. Qg1 Rac8 28.
Qg3 Qxg3 29. fxg3 Bf5 30. Rxc8 Rxc8 31. Rc3 Rd8 32. Bd1 Kf8 33. Kg2 Rc8 34.
Rxc8+ Bxc8 35. Bc2 Ke7 36. Kf2 Kd6 37. Nf4 Bd7 38. Ke3 Ne8 39. Nh5 g6 40. Nf4
Ng7 41. Ne2 1/2-1/2

[Event "Amsterdam Chess Tournament 2005"]
[Site "Amsterdam NED"]
[Date "2005.07.24"]
[Round "9.38"]
[White "Bitalzadeh, Ali"]
[Black "Overeem, Marc"]
[Result "0-1"]
[WhiteElo "2317"]
[BlackElo "2199"]
[PlyCount "45"]
[EventDate "2005.07.16"]
[EventType "tourn"]
[EventRounds "9"]
[EventCountry "NED"]
[Source "lmi"]
[SourceDate "2005.07.25"]

1. e4 c5 2. Nf3 d6 3. d4 cxd4 4. Nxd4 Nf6 5. Nc3 Nc6 6. Bc4 e6 7. O-O a6 8. Bb3
Qc7 9. Be3 Na5 10. Ba4+ Bd7 11. Bxd7+ Qxd7 12. f4 Be7 13. Qf3 Nc4 14. Bc1 O-O
15. b3 Na5 16. Rd1 Nc6 17. Ba3 Nxd4 18. Rxd4 d5 19. Bxe7 Qxe7 20. e5 Nd7 21.
Rad1 Rac8 22. Kh1 Rc6 23. h3 0-1

[Event "Amsterdam Chess Tournament 2005"]
[Site "Amsterdam NED"]
[Date "2005.07.24"]
[Round "9.39"]
[White "Van den Berg, Ad M.J"]
[Black "Bachofner, Andreas"]
[Result "1/2-1/2"]
[WhiteElo "2298"]
[BlackElo "2177"]
[PlyCount "97"]
[EventDate "2005.07.16"]
[EventType "tourn"]
[EventRounds "9"]
[EventCountry "NED"]
[Source "lmi"]
[SourceDate "2005.07.25"]

1. e4 d5 2. exd5 Qxd5 3. Nf3 Nf6 4. d4 Bg4 5. Be2 e6 6. O-O Nc6 7. c4 Qd7 8.
Be3 Be7 9. Nc3 O-O 10. h3 Bxf3 11. Bxf3 Rad8 12. Ne2 e5 13. d5 Nb8 14. Nc3 b6
15. a3 a5 16. Qc2 Na6 17. Rfe1 h6 18. Rad1 Rfe8 19. Ne4 Nxe4 20. Bxe4 Bf8 21.
Bf5 Qd6 22. g4 g6 23. Be4 Nc5 24. Bg2 Qd7 25. Bd2 a4 26. Re3 Bg7 27. Rg3 Nb3
28. Bc3 c5 29. Re1 Nd4 30. Qd3 Re7 31. Kh1 Rde8 32. Be4 f5 33. gxf5 gxf5 34.
Bg2 e4 35. Rd1 f4 36. Rg6 f3 37. Bf1 Qf5 38. Rg3 Kh8 39. Qd2 Rd8 40. h4 Rd6 41.
Bh3 Qf8 42. Rdg1 Be5 43. Rg6 Rxg6 44. Rxg6 Kh7 45. Rg4 Rg7 46. Rxe4 Qg8 47. Re1
Rg2 48. Rxe5 Rg1+ 49. Kh2 1/2-1/2

[Event "Amsterdam Chess Tournament 2005"]
[Site "Amsterdam NED"]
[Date "2005.07.24"]
[Round "9.40"]
[White "Vogel, Jaap"]
[Black "Spence, David"]
[Result "1-0"]
[WhiteElo "2291"]
[BlackElo "2218"]
[PlyCount "95"]
[EventDate "2005.07.16"]
[EventType "tourn"]
[EventRounds "9"]
[EventCountry "NED"]
[Source "lmi"]
[SourceDate "2005.07.25"]

1. c4 Nf6 2. g3 c6 3. Nf3 d5 4. b3 Bg4 5. Bg2 e6 6. Bb2 Nbd7 7. O-O Bd6 8. d4
O-O 9. Nbd2 Qe7 10. Ne5 Bf5 11. Nxd7 Nxd7 12. e4 dxe4 13. Nxe4 Ba3 14. Bc3 Bb4
15. Qd2 Bxc3 16. Nxc3 Rfd8 17. Qe3 Rac8 18. h3 h6 19. g4 Bh7 20. f4 Qb4 21.
Rae1 b5 22. f5 Re8 23. Ne4 exf5 24. gxf5 bxc4 25. bxc4 Qxc4 26. Qf2 Qb4 27. Rb1
Qf8 28. Rb7 Nb6 29. Qg3 Red8 30. f6 g6 31. Rxa7 Rxd4 32. Rb1 Rb4 33. Re1 Rd8
34. Qc7 Nd5 35. Qxc6 Nf4 36. Bf1 g5 37. Bc4 Rxc4 38. Qxc4 Bf5 39. Nf2 Nxh3+ 40.
Nxh3 Bxh3 41. Ree7 Be6 42. Rxe6 fxe6 43. Rg7+ Kh8 44. Qc2 Rd1+ 45. Qxd1 Qc5+
46. Kg2 Qc6+ 47. Qf3 Qc2+ 48. Kg3 1-0

[Event "Amsterdam Chess Tournament 2005"]
[Site "Amsterdam NED"]
[Date "2005.07.24"]
[Round "9.43"]
[White "Pruijssers, Roeland"]
[Black "Giddins, Stephen"]
[Result "1-0"]
[WhiteElo "2261"]
[BlackElo "2204"]
[PlyCount "41"]
[EventDate "2005.07.16"]
[EventType "tourn"]
[EventRounds "9"]
[EventCountry "NED"]
[Source "lmi"]
[SourceDate "2005.07.25"]

1. e4 e5 2. Nf3 Nf6 3. Nxe5 d6 4. Nf3 Nxe4 5. d4 d5 6. Bd3 Nc6 7. O-O Be7 8. c4
Nb4 9. Be2 O-O 10. Nc3 Bf5 11. Qb3 Nf6 12. c5 a5 13. Ne1 b6 14. cxb6 cxb6 15.
a3 Nc6 16. Be3 h6 17. Rc1 Qd6 18. Nd3 Bxd3 19. Bxd3 Rfd8 20. Bf5 g6 21. Nb5 1-0

[Event "Amsterdam Chess Tournament 2005"]
[Site "Amsterdam NED"]
[Date "2005.07.24"]
[Round "9.44"]
[White "Doggers, Peter"]
[Black "Van der Plas, Rob"]
[Result "1/2-1/2"]
[WhiteElo "2249"]
[BlackElo "2209"]
[PlyCount "22"]
[EventDate "2005.07.16"]
[EventType "tourn"]
[EventRounds "9"]
[EventCountry "NED"]
[Source "lmi"]
[SourceDate "2005.07.25"]

1. e4 e6 2. d4 d5 3. Nc3 Bb4 4. e5 c5 5. a3 Bxc3+ 6. bxc3 Ne7 7. Qg4 O-O 8. Bd3
Nbc6 9. Qh5 Ng6 10. Nf3 Qc7 11. Be3 Nce7 1/2-1/2

[Event "Amsterdam Chess Tournament 2005"]
[Site "Amsterdam NED"]
[Date "2005.07.24"]
[Round "9.45"]
[White "Van Gool, Henk"]
[Black "Riemens, Albert"]
[Result "1/2-1/2"]
[WhiteElo "2242"]
[BlackElo "2210"]
[PlyCount "42"]
[EventDate "2005.07.16"]
[EventType "tourn"]
[EventRounds "9"]
[EventCountry "NED"]
[Source "lmi"]
[SourceDate "2005.07.25"]

1. e4 c5 2. Nf3 d6 3. d4 cxd4 4. Nxd4 Nf6 5. Nc3 Nc6 6. Be2 e5 7. Nb3 Be6 8.
Bg5 Be7 9. Qd2 O-O 10. Rd1 a5 11. Nc1 Nd4 12. Be3 d5 13. exd5 Nxd5 14. Nxd5
Qxd5 15. O-O Nxe2+ 16. Qxe2 Qc6 17. Rfe1 Rad8 18. f3 f6 19. Qf2 Rxd1 20. Rxd1
Rd8 21. Re1 Rd7 1/2-1/2

[Event "Amsterdam Chess Tournament 2005"]
[Site "Amsterdam NED"]
[Date "2005.07.24"]
[Round "9.46"]
[White "Wunnink, Michael"]
[Black "Gavin Roche, Enrique"]
[Result "1/2-1/2"]
[WhiteElo "2223"]
[BlackElo "2230"]
[PlyCount "20"]
[EventDate "2005.07.16"]
[EventType "tourn"]
[EventRounds "9"]
[EventCountry "NED"]
[Source "lmi"]
[SourceDate "2005.07.25"]

1. d4 d5 2. c4 e6 3. Nf3 Nf6 4. Bg5 Nbd7 5. Nc3 c6 6. e3 Qa5 7. Nd2 Bb4 8. Qc2
O-O 9. Be2 Re8 10. O-O e5 1/2-1/2

[Event "Amsterdam Chess Tournament 2005"]
[Site "Amsterdam NED"]
[Date "2005.07.24"]
[Round "9.48"]
[White "Bensdorp, Marlies"]
[Black "Narings, Niek"]
[Result "1/2-1/2"]
[WhiteElo "2225"]
[BlackElo "2263"]
[PlyCount "105"]
[EventDate "2005.07.16"]
[EventType "tourn"]
[EventRounds "9"]
[EventCountry "NED"]
[Source "lmi"]
[SourceDate "2005.07.25"]

1. d4 Nf6 2. c4 g6 3. Nc3 d5 4. Nf3 Bg7 5. e3 O-O 6. b4 Be6 7. c5 Bg4 8. h3
Bxf3 9. Qxf3 c6 10. Bb2 e5 11. dxe5 Nfd7 12. Be2 a5 13. a3 Nxe5 14. Qf4 axb4
15. axb4 Rxa1+ 16. Bxa1 f5 17. h4 Nbd7 18. O-O h6 19. Rd1 g5 20. hxg5 hxg5 21.
Qh2 Qe7 22. Nb1 Ng4 23. Bxg4 Bxa1 24. Bf3 Be5 25. g3 Kg7 26. Qg2 g4 27. Be2 Ra8
28. Bd3 Qg5 29. Nd2 Ra3 30. Bb1 Ra4 31. b5 Nxc5 32. bxc6 bxc6 33. Rc1 Bd6 34.
Qf1 Qf6 35. Qd1 Ra3 36. Qc2 Nd3 37. Rd1 Rc3 38. Qa2 Ra3 39. Qc2 Rc3 40. Qa2 Ne5
41. Qa7+ Kg6 42. Kg2 Nf7 43. Rh1 Bf8 44. Qd7 Bg7 45. Rh4 Nh6 46. Rh1 Qe5 47.
Qd8 d4 48. e4 Bf6 49. exf5+ Kg7 50. Qd7+ Qe7 51. Qxe7+ Bxe7 52. Ne4 Rf3 53. Nd2
1/2-1/2

[Event "Amsterdam Chess Tournament 2005"]
[Site "Amsterdam NED"]
[Date "2005.07.24"]
[Round "9.49"]
[White "Wempe, Joost"]
[Black "Hansen, Kay"]
[Result "1/2-1/2"]
[WhiteElo "2228"]
[BlackElo "2205"]
[PlyCount "46"]
[EventDate "2005.07.16"]
[EventType "tourn"]
[EventRounds "9"]
[EventCountry "NED"]
[Source "lmi"]
[SourceDate "2005.07.25"]

1. d4 d5 2. c4 c6 3. Nf3 Nf6 4. e3 e6 5. Nbd2 Bd6 6. Bd3 Nbd7 7. O-O O-O 8. e4
dxe4 9. Nxe4 Nxe4 10. Bxe4 e5 11. dxe5 Nxe5 12. Nxe5 Bxe5 13. Bxh7+ Kxh7 14.
Qh5+ Kg8 15. Qxe5 Re8 16. Qg3 Qd4 17. Bf4 Qxc4 18. Be5 Qg4 19. Qc3 Be6 20. a3
Bd5 21. f3 Qg5 22. Rae1 Re6 23. Bg3 Rae8 1/2-1/2

[Event "Amsterdam Chess Tournament 2005"]
[Site "Amsterdam NED"]
[Date "2005.07.24"]
[Round "9.50"]
[White "Blanchard, Jack"]
[Black "Visser, Henk-Jan"]
[Result "0-1"]
[WhiteElo "2219"]
[BlackElo "2221"]
[PlyCount "40"]
[EventDate "2005.07.16"]
[EventType "tourn"]
[EventRounds "9"]
[EventCountry "NED"]
[Source "lmi"]
[SourceDate "2005.07.25"]

1. d4 d6 2. c3 g6 3. Bg5 Bg7 4. e4 Nd7 5. Nf3 a6 6. a4 c5 7. Be2 b6 8. O-O Bb7
9. Nbd2 Ngf6 10. Qb1 O-O 11. Re1 Qc7 12. Bf1 Rfe8 13. h3 Nf8 14. dxc5 Qxc5 15.
Be3 Qc7 16. Bf4 e5 17. Bh2 Ne6 18. Nb3 Nf4 19. Nbd2 Rad8 20. Nc4 Nxe4 0-1